000 00878cam a2200253 i 4500
003 OSt
005 20180817183102.0
008 761209s2017 ctua b 000 0 eng
020 _c9780867157451
040 _aDLC
_cDLC
_dDLC
_beng
050 1 0 _aRK54
_b.L44
082 0 0 _a617.69
_221
_bCSC
100 1 _aChu, Stephen J.
_964319
245 1 0 _aColor in Dentistry:
_cStephen J. Chu, Rade D. Paravina
_bA Clinical Guide to Predictable Esthetics /
260 _aHartford :
_bQUINTESSENCE PUBLISHING,
_c2017.
300 _a240 p. :
_bill. ;
_c28 cm.
500 _a"Supplement to Color in dentistry" (19 l.), with "Ney shade guide simulator" in pocket.
504 _aBibliography: p. 90.
650 0 _aColor in dentistry.
_964315
650 0 _aDental ceramics.
_964113
700 _aParavina, Rade D.
_964320
942 _cBOOK
906 _a7
_bcbc
_corignew
_d2
_eocip
_f19
_gy-gencatlg
999 _c42628
_d312248